Nếu em muốn đá bóng giỏi

保存先:
書誌詳細
第一著者: Rôganxki, N.
その他の著者: Degen, E.G.
フォーマット: 図書
言語:Vietnamese
出版事項: H. Thể dục thể thao 1986
主題:
タグ: タグ追加
タグなし, このレコードへの初めてのタグを付けませんか!
Thư viện lưu trữ: Trung tâm Học liệu Lê Vũ Hùng, Trường Đại học Đồng Tháp
LEADER 00719pam a22002298a 4500
001 00024869
005 20171026081025.0
008 110724s1986 ||||||viesd
041 0 # |a vie 
082 1 4 |a 796.334 07  |b N259E 
100 1 # |a Rôganxki, N. 
245 1 0 |a Nếu em muốn đá bóng giỏi  |c N. Rôganxki, E.G. Degen 
260 # # |a H.  |b Thể dục thể thao  |c 1986 
300 # # |a 170tr.  |b hình vẽ  |c 19 cm. 
650 # 4 |a Bóng đá 
650 # 4 |a Học sinh 
650 # 4 |a Chiến thuật 
700 1 # |a Degen, E.G. 
852 # # |j KD.0010092 
852 # # |b Kho đọc  |j KD.0010092 
910 0 # |a Ntuyet  |d 24/07/2011 
980 # # |a Trung tâm Học liệu Lê Vũ Hùng, Trường Đại học Đồng Tháp